Personality in industry : The human side of a Japanese enterprise
محفوظ في:
| المؤلف الرئيسي: | |
|---|---|
| التنسيق: | كتاب |
| اللغة: | Undetermined |
| منشور في: |
London
Pinter Publishers
1988
|
| الموضوعات: | |
| الوسوم: |
إضافة وسم
لا توجد وسوم, كن أول من يضع وسما على هذه التسجيلة!
|
| Thư viện lưu trữ: | Trung tâm Học liệu Trường Đại học Cần Thơ |
|---|
| LEADER | 00541nam a2200205Ia 4500 | ||
|---|---|---|---|
| 001 | CTU_85954 | ||
| 008 | 210402s9999 xx 000 0 und d | ||
| 082 | |a 658.00952 | ||
| 082 | |b T161 | ||
| 100 | |a Tanaka, Hiroshi | ||
| 245 | 0 | |a Personality in industry : | |
| 245 | 4 | |b The human side of a Japanese enterprise | |
| 245 | 0 | |c Hiroshi Tanaka | |
| 260 | |a London | ||
| 260 | |b Pinter Publishers | ||
| 260 | |c 1988 | ||
| 650 | |a Management | ||
| 650 | |z Japan | ||
| 904 | |i Năm | ||
| 980 | |a Trung tâm Học liệu Trường Đại học Cần Thơ | ||